Normal view
MARC view
- المطربون والمطربات العرب - تراجم -العرب - موسيقى
Entry Topical Term
001 - CONTROL NUMBER
- control field: 20100
003 - CONTROL NUMBER IDENTIFIER
- control field: JO-AjAnu
005 - DATE AND TIME OF LATEST TRANSACTION
- control field: 20230606073512.0
008 - FIXED-LENGTH DATA ELEMENTS
- fixed length control field: 230606|| aca||aabn | a|a d
040 ## - CATALOGING SOURCE
- Original cataloging agency: JO-AjAnu
- Transcribing agency: JO-AjAnu
150 ## - HEADING--TOPICAL TERM
- Topical term or geographic name entry element: المطربون والمطربات العرب - تراجم -العرب - موسيقى
670 ## - SOURCE DATA FOUND
- Source citation: Work cat.: (JO-AjAnu)10320: شيخاني، سميرتأليف, author 20099, أشهر المغنين عند العرب ونوادرهم